Los diez mayores descubrimientos de la medicina (Registro nro. 27599)

Detalles MARC
000 -CABECERA
Longitud fija campo de control 01060nam a2200217 a 4500
003 - • IDENTIFICADOR DELl NÚMERO DE CONTROL
Identificador del número de control CO-ViMGA
008 - • CÓDIGOS DE INFORMACIÓN DE LONGITUD FIJA
Códigos de información de longitud fija 141112s2004 ck r 000 u spa d
020 ## - • NÚMERO INTERNACIONAL NORMALIZADO PARA LIBROS
Número Internacional Normalizado para Libros (ISBN) 8449307813
040 ## - FUENTE DE LA CATALOGACIÓN
Centro catalogador de origen CO-ViMGA
Lengua de catalogación spa
Centro transcriptor CO-ViMGA
082 04 - • NÚMERO DE LA CLASIFICACIÓN DECIMAL DEWEY
Número de clasificación (R) 610.72 F743
100 1# - • PUNTO DE ACCESO PRINCIPAL-NOMBRE DE PERSONA
Nombre de persona Friedman, Meyer; Friedland, Gerald
245 10 - • TITULO PROPIAMENTE DICHO
Título Los diez mayores descubrimientos de la medicina
300 ## - • DESCRIPCIÓN FÍSICA
Extensión 285 p.
490 ## - • MENCIÓN DE SERIE
Mención de serie Paidos Origenes, v. 10
505 ## - • NOTA DE CONTENIDO CON FORMATO
Nota de contenido con formato Andreas Vesalio y la anatomia humana moderna 17 - - William Harvey y la circulacion de la sangre 35 - - Antony Leeuwenhoek y las bacterias 55 - - Edward Jenner y la vacunacion 85 - - Crawford Long y la anestesia quirurgica 115 - - Wilhelm Roentgen y el haz de rayos X 139 - - Ross Harrison y el cultivo de tejidos 159 - - Nikolai Anichkov y el colesterol 181 - - Alexander Fleming y los antibioticos 197 - - Maurice Wilkins y el ADN 223
590 ## - NOTAS LOCALES
Nota local Forma de adquisición : Premio Min - Cultura
650 14 - • PUNTO DE ACCESO ADICIONAL DE MATERIA - TÉRMINO DE MATERIA
Término de materia o nombre geográfico como elemento inicial MEDICINA - DESCUBRIMIENTOS
942 ## - ENTRADA DE ELEMENTOS AGREGADOS (KOHA)
Fuente de clasificaión o esquema Dewey Decimal Classification
Koha [por defecto] tipo de item LIbro
Existencias
Perdido Fuente de clasificación o esquema Estado Físico No para préstamo Forma de adquisición Localización permanente Localización actual Fecha adquisición Serie de enumeración / cronolog&íacute;a Préstamos totales Signatura completa Código de barras Fecha última consulta Número de copia Fecha del precio de reemplazo Tipo de item de Koha
  Dewey Decimal Classification     Sala Especializada Tercer Piso Biblioteca Pública Germán Arciniegas - Villavicencio Biblioteca Pública Germán Arciniegas - Villavicencio 12/04/2015 Volumen. 1 | 11/jun/2009   610.72 F743 18243 12/04/2015 Ej. 1 12/04/2015 LIbro









Instituto Departamental de Cultura del Meta - Red Departamental de Bibliotecas Públicas del Meta.